000 01033nam a22002657a 4500
999 _c8482
_d8482
003 AR-CdUCM
008 190325b ||||| |||| 00| 0 spa d
040 _aMUNICIPALIDAD PROVINCIAL DEL CUSCO
_cBIBLIOTECA MUNICIPAL DEL CUSCO
041 _hger
082 _22 ed.
_a401 /
_bV86
100 _aVossler, Karl
_923782
245 _aFilosofía del lenguaje :
_bensayos /
260 _aBuenos Aires :
_bLosada,
_c1947.
300 _a281 páginas ;
_c21 cm.
440 _aFilosofía y teoría del lenguaje
_923783
500 _a4ta edición de 1963
505 _aContenido: Gramática e historia de la lingüística -- Historia de la lengua e historia de la literatura -- Historia cultural e historia -- El sistema de la gramática -- La vida y el lenguaje ...
650 _aLingüística
_91640
650 _aPsicología del lenguaje
_923784
650 _aSociología del lenguaje
_923785
700 _aAlonso, Amado (Traductor)
_923786
700 _aLida, Raimundo (Traductor)
_914991
942 _2ddc
_cLIBROS
945 _araen